| Tag |
First Indicator |
Second Indicator |
Subfields |
| LEADER |
00000cam a22000008a 4500 |
| 001 |
in00000013568 |
| 005 |
20151007052513.0 |
| 008 |
861209s1987 cauaf b 00010 eng |
| 010 |
|
|
|a 86030821
|
| 020 |
|
|
|a 0520097262
|
| 035 |
|
|
|a (OCoLC)15014781
|
| 035 |
|
|
|9 AAA8059AM
|
| 040 |
|
|
|a DLC
|c DLC
|d m/c
|d TXA
|d UtOrBLW
|
| 043 |
|
|
|a n-us-ca
|
| 049 |
|
|
|a TXAM
|c [A11036118]
|
| 050 |
0 |
0 |
|a E99.C815
|b A74 1987
|
| 082 |
0 |
|
|a 979.4/01
|2 19
|
| 100 |
1 |
|
|a Arnold, Jeanne E.
|
| 245 |
1 |
0 |
|a Craft specialization in the prehistoric Channel Islands, California /
|c by Jeanne E. Arnold.
|
| 263 |
|
|
|a 8704
|
| 264 |
|
1 |
|a Berkeley :
|b University of California Press,
|c [1987]
|
| 264 |
|
4 |
|c ©1987
|
| 300 |
|
|
|a xvii, 278 pages, 2 unnumbered leaves of plates :
|b illustrations
|
| 336 |
|
|
|a text
|b txt
|2 rdacontent
|
| 337 |
|
|
|a unmediated
|b n
|2 rdamedia
|
| 338 |
|
|
|a volume
|b nc
|2 rdacarrier
|
| 490 |
1 |
|
|a University of California publications in anthropology ;
|v v. 18
|
| 504 |
|
|
|a Bibliography: p.
|
| 650 |
|
0 |
|a Quarries and quarrying
|z California.
|
| 650 |
|
0 |
|a Chumash Indians
|z California
|x Industries.
|
| 650 |
|
0 |
|a Indians of North America
|z California
|x Industries.
|
| 650 |
|
0 |
|a Quarries and quarrying, Prehistoric
|z California.
|
| 650 |
|
0 |
|a Chumash Indians
|x Antiquities.
|
| 651 |
|
0 |
|a California
|x Antiquities.
|
| 830 |
|
0 |
|a University of California publications in anthropology ;
|v v. 18.
|
| 999 |
|
|
|a MARS
|
| 999 |
f |
f |
|s 78e51013-a628-3506-b08a-5960bde58569
|i 159f141e-3458-3c6d-b9e1-1dd3f3d21cc0
|t 0
|
| 952 |
f |
f |
|p ric
|a Texas A&M University
|b Rellis Campus
|c Joint Library Facility
|d Remote Storage
|t 0
|e E99.C815 A74 1987
|h Library of Congress classification
|i unmediated -- volume
|m A14811036118
|
| 998 |
f |
f |
|a E99.C815 A74 1987
|t 0
|l Remote Storage
|